000 00435nam a2200181Ia 4500
005 20240823060204.0
008 240823s9999||||xx |||||||||||||| ||und||
041 _aENGLISH
082 _A621.71 N5
100 _aArora S.G
245 2 _aA course in Heat and Mass Transfer
250 _a4th
260 _c1995
_b"Dhanpat Rai,Delhi"
500 _aYES
650 _aHeat
_bAeronautical Engineering
942 _cBK
999 _c230543
_d230543